La Galley-La Compagnie (One Piece) - Statistiques

Statistiques générales
  • Ce quiz a été pris 54 fois
  • Le résultat moyen est 8 sur 13
Statistiques - réponses
Réponse % Correct
Président Icebarg
97%
Agent du CP9 Kaku
95%
Agente du CP9 Kalifa
95%
Agent du CP9 Rob Lucci
95%
Vice-Président Paulie
89%
Pigeon Hattori
71%
Contremaître (forgeur) Peepley Lulu
63%
Contremaître (ébéniste) Tilestone
53%
Souris Tyrannosaurus
53%
Ancien de la Franky Family Zambai
53%
Ancien de la Franky Family Tamagon
26%
Jeune Secrétaire Alice
18%
Ancien de la Franky Family Kief
16%
Aucun quiz correspondant
Distribution des résultats
% des personnes avec chaque résultat
Percentile par nombre de réponses
Votre historique - résultats
Vous n’avez pas pris ce quiz